00275nam a2200121Ia 45000030006000000080041000060400015000471000027000622450026000892600009001155460012001240050017001360STCL150530s9999 xx 000 0 und d aSTCLcSTCL aRust Hills, L.; Editor aGreat esquire fiction c1986 aEnglish20220125171343.0